| 000 | 00462nam a22001817a 4500 | ||
|---|---|---|---|
| 005 | 20240702113735.0 | ||
| 008 | 240702b |||||||| |||| 00| 0 eng d | ||
| 020 | _a0-673-47429-1 | ||
| 082 |
_a330 _bBYR-E |
||
| 100 | _aByrns, Ralph.T | ||
| 245 |
_aEconomics/ _cRalph T.Byrns |
||
| 250 | _a4th ed. | ||
| 260 |
_aUSA; _bScott, Foresman company; _c1989 |
||
| 300 |
_a846 p.: _c26 cm. |
||
| 500 | _aInclude subject index | ||
| 650 | _aEconomics | ||
| 999 |
_c36016 _d36016 |
||